000 00703nam a2200181Ia 4500
008 090124s9999 xx 000 0 und d
082 _b20475
_a1324
100 _aव्हटकर नामदेव
245 _a सन्मार्गाने पैसा मिळविण्याची कला
250 _a1
260 _c1974
300 _a58
600 _aव्हटकर नामदेव
630 _a सन्मार्गाने पैसा मिळविण्याची कला
700 _aव्हटकर नामदेव
730 _a सन्मार्गाने पैसा मिळविण्याची कला
942 _cBOOK
999 _c134280
_d134280